Boxer Rebellion Participants - Statistics

General Stats
  • This quiz has been taken 138 times
  • The average score is 9 of 11
Answer Stats
Answer % Correct
British Empire
99%
Japan
98%
France
97%
United States
96%
Russia
95%
Germany
94%
Italy
92%
Austria-Hungary
88%
Qing Dynasty
65%
Boxers
61%
Belgium
57%
No matching quizzes found
Score Distribution
Percent of People with Each Score
Percentile by Number Answered
Your Score History
You have not taken this quiz